00883nam a2200205 a 450000100100000000500170001000800410002702000150006804000250008308200160010824502020012426000820032630000280040849000300043650000310046683000370049704900090053495201190054399900150066200000532220200929151637.0090819s2002 sp a 001 0 eng d a8400081102 aDO-SdBNPbspacBNPHU axxxxbP963m00aProcessing of and microstructure-property relations insofc components and ceramic gas-separation membranes /ceditor J. R. Jurado, collaborators ; E. Chinarro, M. T. Colomer, G. Mather, S. Gallini. aMadrid, España :bConsejo Superior de Investigaciones Científicas,c2002. a207 p. :bil. ;c24 cm.1 aBiblioteca de cienciasv6 aIncluye tabla de contenido 0aBiblioteca de cienciasn6915101 aBNPD 001054708MOaGRbGRcHDd2009-08-19iLF1l0oxxxx P963mp5322-10r2020-06-25w2020-06-25y4ZPréstamo en sala c5123d5123